It looks like you're offline.
Open Library logo
additional options menu

MARC record from Internet Archive

LEADER: 01168cam a2200301 a 4500
001 91120279
003 DLC
005 20100126082600.0
008 910220s1990 stka bc 000 0 eng
010 $a 91120279
020 $a0853315698
040 $aDLC$cDLC$dDLC
043 $ae-fr---
050 00 $aN6853.P66$bA4 1990
082 00 $a759.4$220
100 1 $aVerdi, Richard.
245 10 $aCézanne and Poussin :$bthe classical vision of landscape /$cRichard Verdi.
260 $aLondon :$bNational Galleries of Scotland, in association with Lund Humphries Publishers,$cc1990.
300 $a202 p. :$bill. (some col.) ;$c27 cm.
500 $aPublished to coincide with an exhibition held at the National Gallery of Scotland, Edinburgh, Aug. 9 to Oct. 21, 1990.
504 $aIncludes bibliographical references (p. 201).
600 10 $aPoussin, Nicolas,$d1594?-1665$vExhibitions.
600 10 $aCézanne, Paul,$d1839-1906$vExhibitions.
650 0 $aLandscapes in art$vExhibitions.
650 0 $aClassicism in art$zFrance$vExhibitions.
700 1 $aCézanne, Paul,$d1839-1906.
700 1 $aPoussin, Nicolas,$d1594?-1665.
710 2 $aNational Gallery of Scotland.